000 00575nam a22001817a 4500
005 20251108164123.0
008 250721s1996 xx 000 0 ara d
082 1 4 _a336.200962/عبد
100 1 _aالشواربي، عبد الحميد
245 1 0 _aموسوعة الضرائب :
_bالفقه - القضاء - التشريع /
264 1 _aالاسكندريه :
_bدار المطبوعات الجامعية،
_c1996.
300 _a1088ص
650 1 7 _aالضرائب
650 1 7 _aمصر
650 1 7 _aقانون الضرائب
942 _2ddc
_cBK
999 _c4131
_d4131